| 000 | 01999nac a22002771u 4500 | ||
|---|---|---|---|
| 010 | _a 2006027160 | ||
| 020 | _a0470049847 (cloth : alk. paper) | ||
| 020 | _a9780470049846 : | ||
| 082 | 0 | 0 |
_a333.77 _bB194 |
| 090 |
_c4896 _d4896 |
||
| 100 | _aBalmori, Diana | ||
| 245 | 1 | 4 |
_aThe land and natural development (LAND) code : _bguidelines for environmentally sustainable land development / _cDiana Balmori, Gaboury Benoit. |
| 260 |
_aHoboken, N.J. : _bJohn Wiley & Sons, Inc.,c2007. _cc2007. |
||
| 300 |
_aix 243 p. _c22 cm. |
||
| 500 | _a"Published simultaneously in Canada." | ||
| 504 | _aIncludes bibliographical references and index | ||
| 505 | 0 | _aIntroduction -- Water -- Site drainage -- Impervious surfaces -- Stormwater quality -- Water conservation and reuse -- Soils -- Erosion prevention and control -- Soil health and integrity -- Air quality and microclimate -- Living resources -- Living resources conservation plan -- Preserving and restoring habitat -- Buffering critical habitat -- Landscape connectivity -- Road placement and design -- Native species and landscape heterogeneity -- Selected resources for identifying native and invasive species -- Energy -- Industrial ecology and materials -- Additional resources -- Materials exchange websites by state where available -- Environmental engineering -- The different paths to sustainability -- Points checklist -- Glossary -- References. | |
| 650 | 0 |
_aReal estate development _xEnvironmental aspects _zUnited States. |
|
| 650 | 0 |
_aLand use _xEnvironmental aspects _zUnited States. |
|
| 650 | 0 |
_aBuilding _xEnvironmental aspects _zUnited States. |
|
| 650 | 0 |
_aSustainable development _zUnited States. |
|
| 700 | 1 | _aBenoit, Gaboury. | |
| 856 | 4 | 1 |
_3Table of contents only _uhttp://www.loc.gov/catdir/toc/ecip0619/2006027160.html |
| 942 |
_cTB _k333.77B194 |
||
| 999 |
_c4896 _d4896 |
||